<?xml version="1.0" encoding="UTF-8"?>
<collection xmlns="http://www.loc.gov/MARC21/slim">
 <record>
  <leader>00558pamaa2200169   4500</leader>
  <controlfield tag="001">0000014792</controlfield>
  <controlfield tag="005">20051115090000.0</controlfield>
  <datafield tag="020" ind1="0" ind2="0">
   <subfield code="a">0838430120 (pbk.) </subfield>
  </datafield>
  <datafield tag="082" ind1=" " ind2=" ">
   <subfield code="a">302.2242 CUM</subfield>
  </datafield>
  <datafield tag="090" ind1="0" ind2="0">
   <subfield code="a">PN4121 </subfield>
   <subfield code="b">CUM</subfield>
  </datafield>
  <datafield tag="100" ind1="1" ind2="0">
   <subfield code="a">CUMMINGS </subfield>
  </datafield>
  <datafield tag="245" ind1="1" ind2="0">
   <subfield code="a">Listen, speak, present : </subfield>
   <subfield code="b">a step-by-step presenter's workbook  </subfield>
   <subfield code="c">Martha Graves Cummings.</subfield>
  </datafield>
  <datafield tag="260" ind1="0" ind2="0">
   <subfield code="a">Massachusetts: </subfield>
   <subfield code="b">Heinle &amp; Heinle Pub., </subfield>
   <subfield code="c">1992.</subfield>
  </datafield>
  <datafield tag="300" ind1=" " ind2=" ">
   <subfield code="a">xviii, 190p.: </subfield>
   <subfield code="b">28cm.</subfield>
  </datafield>
  <datafield tag="650" ind1="0" ind2="0">
   <subfield code="a">Listening -- </subfield>
   <subfield code="x">Handbooks, manuals, etc </subfield>
  </datafield>
  <datafield tag="650" ind1="0" ind2="0">
   <subfield code="a">Public speaking -- </subfield>
   <subfield code="x">Handbooks, manuals, etc </subfield>
  </datafield>
  <datafield tag="650" ind1="0" ind2="0">
   <subfield code="a">Oral communication </subfield>
  </datafield>
 </record>
</collection>
